000 00687 a2200217 4500
010 _aENG-85719
020 _a8180545423
_c125.00
035 _aEN-69252
037 _bD.B.Act / Pub
082 1 4 _a174.4
090 _c3411
_d3411
100 1 _aGupta, C. B.
245 1 _aBusiness ethics and communication
_cby C. B. Gupta
260 _aNew Delhi
_bSultan Chand
_c2006
270 _a23, Darya Ganj,
_bNew Delhi
_cDelhi
_e110002
_k23266105
_l23266357
300 _av, 211 p.
_c24 cm (Pbk)
650 _aBusiness ethics
650 _aBusiness communication
942 _adpl
_cEN
_k174.4 / GUP
999 _c3344
_d3344